000
00317nam a22001457a 4500
008
221007b ||||| |||| 00| 0 eng d
020
_a
0756602157
041
_a
eng
080
_a
343.9
082
_a
343.9 BAI
100
_a
31.2
101
_a
LAW
245
_a
E.ENCYCLOPEDIA SCIENCE
_c
BAINES F
942
_2
udc
_c
BK
999
_c
58406
_d
58406